Physics
The book offers various routes into the subject via independent introductory sections in waves, materials, mechanics and electricity. It develops sections on fields, electromagnetism, electrons, atomic and nuclear physics and advanced mechanics and thermodynamics.
Shranjeno v:
| Glavni avtor: | |
|---|---|
| Format: | Knjiga |
| Jezik: | Undetermined |
| Izdano: |
London
MacMillan
1999
|
| Teme: | |
| Oznake: |
Označite
Brez oznak, prvi označite!
|
| Thư viện lưu trữ: | Trung tâm Học liệu Trường Đại học Cần Thơ |
|---|
| LEADER | 00732nam a2200205Ia 4500 | ||
|---|---|---|---|
| 001 | CTU_37730 | ||
| 008 | 210402s9999 xx 000 0 und d | ||
| 020 | |c 426000 | ||
| 082 | |a 530 | ||
| 082 | |b B835 | ||
| 100 | |a Breithaupt, Jim | ||
| 245 | 0 | |a Physics | |
| 245 | 0 | |c Jim Breithaupt | |
| 260 | |a London | ||
| 260 | |b MacMillan | ||
| 260 | |c 1999 | ||
| 520 | |a The book offers various routes into the subject via independent introductory sections in waves, materials, mechanics and electricity. It develops sections on fields, electromagnetism, electrons, atomic and nuclear physics and advanced mechanics and thermodynamics. | ||
| 650 | |a Physics | ||
| 904 | |i Minh, | ||
| 980 | |a Trung tâm Học liệu Trường Đại học Cần Thơ | ||